Communication in organisations (Record no. 183880)

MARC details
000 -LEADER
fixed length control field 00445nam a2200169Ia 4500
005 - DATE AND TIME OF LATEST TRANSACTION
control field 20250321090105.0
008 - FIXED-LENGTH DATA ELEMENTS--GENERAL INFORMATION
fixed length control field 231217s9999 xx 000 0 und d
020 ## - INTERNATIONAL STANDARD BOOK NUMBER
International Standard Book Number 9788172247812
082 ## - DEWEY DECIMAL CLASSIFICATION NUMBER
Classification number 658.45 FIS;2 R1
100 ## - MAIN ENTRY--PERSONAL NAME
Personal name Fisher, Dalmer.
245 #0 - TITLE STATEMENT
Title Communication in organisations
250 ## - EDITION STATEMENT
Edition statement 2nd ed.
260 ## - PUBLICATION, DISTRIBUTION, ETC. (IMPRINT)
Date of publication, distribution, etc. 2007
Name of publisher, distributor, etc. Jaico Publishing
Place of publication, distribution, etc. Bangalore
300 ## - PHYSICAL DESCRIPTION
Extent xiii, 551
650 ## - SUBJECT ADDED ENTRY--TOPICAL TERM
Topical term or geographic name as entry element Communication,organisations
942 ## - ADDED ENTRY ELEMENTS (KOHA)
Koha item type Books
Holdings
Date last seen Total Checkouts Full call number Accession number Old discount Uniform Resource Identifier Cost, replacement price Price effective from Category Lost status Damaged status Department Withdrawn status bill no. bill date Permanent Location Current Location Shelving location Entry date Vendor Cost, normal purchase price Grants Currency symbol Conversion rate Discount Discount type
26/01/2024   658.45 FIS;2 R1 55552 25 digital/contents/17738.pdf 243.75 26/01/2024 Books     MBA   2009/CRB/0000702 26/03/2013 Central Library Central Library MBA 11/08/2009 Intact Book House Pvt Ltd 325.00 MBA RS 1 81.25 Rupees

© For any Suggestions or Query, please contact the library staff @ librarian@pes.edu or Phone: +9180 2672 1983/ 2108.